00571nam a2200205 a 4500001001300000003000900013005001700022008004100039020002300080082001500103100002200118245004900140260005500189300000900244500003500253505001000288650002100298650002400319700002200343nice12345678IN_TiNIC20260116012302.0050524s1988 newa grp 000 0 eng  a0887066 c49000a181.4bHAL aHalbfass, Wilhelm aIndia and Europeb an Essay in Understanding aNew YorkbState University of New York Pressc1988 a604p aincludes index and biblioraphy2 aIndex aPhilosophy-India aPhilosophy-European1 aHalbfass, Wilhelm